Energy function analisys for power system stability
Gardado en:
| Autor Principal: | |
|---|---|
| Formato: | Libro |
| Idioma: | inglés |
| Publicado: |
Boston
Kluwer Academic Publishers
1989
|
| Series: | Kluwer international series in engineering and computer science
|
| Subjects: | |
| Tags: |
Engadir etiqueta
Sen Etiquetas, Sexa o primeiro en etiquetar este rexistro!
|
MARC
| LEADER | 00000nam a2200000 a 4500 | ||
|---|---|---|---|
| 001 | UCY1476 | ||
| 003 | CL-VaPUC | ||
| 008 | 940905e19890000US |||||||||||||||||eng|d | ||
| 082 | 0 | 4 | |a 621.31913 |b PAI |2 21 |
| 100 | |a Pai, M. A. |e author |9 329473 | ||
| 245 | 1 | 0 | |a Energy function analisys for power system stability |
| 300 | |a 240 p | ||
| 942 | |c BK | ||
| 945 | |d 19940905 00:00:00 |a mfernand | ||
| 260 | |a Boston |b Kluwer Academic Publishers |c 1989 | ||
| 650 | 7 | |a SISTEMAS ELECTRICOS DE POTENCIA ESTABILIDAD |2 CL-VaPUC |9 329474 | |
| 583 | |a last modification |c 19940905 00:00:00 |k Rodrigo Vera | ||
| 490 | 0 | |a Kluwer international series in engineering and computer science | |
| 999 | |c 230170 |d 230168 | ||
| 952 | |0 0 |1 0 |4 0 |6 621_319130000000000_PAI_1989 |7 0 |8 A |9 232213 |a BIBING |b BIBING |d 2019-11-15 |i 3017184 |o 621.31913 PAI 1989 |p 3017184 |r 2025-01-20 |w 2019-11-15 |y BK |k EIE | ||